Statistiche per Signorie italiane

Clicka qui per fare il quiz!

Statistiche generali

  • Questo quiz è stato fatto 76 volte
  • Il punteggio medio è 8 su 24

Statistiche sulle risposte

CittàDinastia% Corretto
Firenze (1434-1737)*Medici
82%
Milano (1450-1535)Sforza
77%
Torino (ca 1125-1861)Savoia
75%
Ferrara (1209-1598)Este
61%
Mantova (1328-1707)Gonzaga
56%
Milano (1277-1395)Visconti
54%
Napoli (1734-1861)Borbone
52%
Napoli (1282-1442)Capetingi
34%
Urbino (1213-1508)Montefeltro
34%
Verona (1262-1387)Della Scala
33%
Napoli (1442-1516)*Trastamara
30%
Rimini (1295-1500)Malatesta
28%
Firenze (1737-1860)*Asburgo-Lorena
21%
Napoli (1516-1734)*Asburgo
20%
Modena (1452-1796)Este
20%
Parma (1545-1731)Farnese
16%
Ravenna (1275-1441)Da Polenta
15%
Piacenza (1545-1731)Farnese
15%
Milano (1540-1859)Asburgo
13%
Bologna (1401-1506)Bentivoglio
10%
Treviso (1283-1329)Da Camino
8%
Urbino (1508-1631)Della Rovere
5%
Massa (1553-1790)Malaspina
5%
Camerino (1259-1539)Varano
2%

Distribuzione punteggi

Percentile per numero di risposta

Percentuale di utenti per punteggio

I tuoi punteggi nel tempo

Non hai fatto questo quiz